000
00317nam a22001337a 4500
008
170622b xxu||||| |||| 00| 0 eng d
020
_a
9780742500235
041
_a
eng
080
_a
327
100
_a
20
101
_a
SHP
245
_a
THE EUROPEAN UNION INTERNATIONAL POLITICS
_c
GINSBERG.R.H
942
_2
udc
_c
BK
999
_c
18620
_d
18620